00448nam a2200193 a 4500001001300000003000900013005001700022008004100039020001000080082001600090100001600106245001600122260001900138300000800157500003500165505001000200650002800210700001600238nice12345678IN_TiNIC20260116012515.0050524s1945 kana grp 000 0 per  ac10000a891.51bKHA aKhan, Nemat aHusn-O-Ishq aKanpurbc1945 a32p aincludes index and biblioraphy2 aIndex aPersian Poetry-Maghrabi1 aKhan, Nemat